NBA Block Leaders Since 2000 - Statistics

General Stats
  • This quiz has been taken 49 times
  • The average score is 12 of 26
Answer Stats
Year Players Blocks % Correct
24-25 Victor Wembanyama 176
93%
23-24 Victor Wembanyama 254
93%
09-10 Dwight Howard 228
76%
08-09 Dwight Howard 231
76%
20-21 Rudy Gobert 190
76%
16-17 Rudy Gobert 214
76%
00-01 Jermaine O'Neal 228
66%
17-18 Anthony Davis 193
61%
14-15 Anthony Davis 200
61%
01-02 Ben Wallace 278
51%
22-23 Brook Lopez 193
46%
21-22 Jaren Jackson Jr. 177
46%
18-19 Myles Turner 199
41%
07-08 Marcus Camby 285
37%
06-07 Marcus Camby 231
37%
04-05 Marcus Camby 199
37%
19-20 Hassan Whiteside 196
29%
15-16 Hassan Whiteside 269
29%
13-14 Serge Ibaka 219
24%
12-13 Serge Ibaka 242
24%
11-12 Serge Ibaka 241
24%
10-11 Serge Ibaka 198
24%
00-01 Shawn Bradley 228
15%
05-06 Andrei Kirilenko 220
12%
03-04 Theo Ratliff 307
10%
02-03 Theo Ratliff 262
10%
No matching quizzes found
Score Distribution
Percent of People with Each Score
Percentile by Number Answered
Your Score History
You have not taken this quiz